Stanford's new map of the county of London (Record no. 114917)

MARC details
000 -LEADER
fixed length control field 00611cam a22001935a 4500
001 - CONTROL NUMBER
control field L157681
008 - FIXED-LENGTH DATA ELEMENTS--GENERAL INFORMATION
fixed length control field 130227s1894 xxk f 000 0 eng d
035 ## - SYSTEM CONTROL NUMBER
System control number (Sirsi) u157681
041 0# - LANGUAGE CODE
Language code of text/sound track or separate title eng
110 2# - MAIN ENTRY--CORPORATE NAME
Corporate name or jurisdiction name as entry element Edward Stanford Ltd.
9 (RLIN) 6124
245 00 - TITLE STATEMENT
Title Stanford's new map of the county of London
Medium [cartographic material]
Remainder of title on the scale of four inches to one mile
260 ## - PUBLICATION, DISTRIBUTION, ETC.
Place of publication, distribution, etc. London
Name of publisher, distributor, etc. E. Stanford
Date of publication, distribution, etc. 1894
300 ## - PHYSICAL DESCRIPTION
Extent 1 map on 20 sheets
Other physical details col.
Dimensions 41 x 46 cm.
520 ## - SUMMARY, ETC.
Summary, etc. In portfolio.
583 ## - ACTION NOTE
Action Condition reviewed
Time/date of action 20130226
Status condition level
651 #4 - SUBJECT ADDED ENTRY--GEOGRAPHIC NAME
Geographic name London
690 ## - LOCAL SUBJECT ADDED ENTRY--TOPICAL TERM (OCLC, RLIN)
Topical term or geographic name as entry element Geomatics
9 (RLIN) 6242
942 ## - ADDED ENTRY ELEMENTS (KOHA)
Suppress in OPAC 0
Holdings
Withdrawn status Lost status Source of classification or shelving scheme Damaged status Not for loan Home library Current library Shelving location Date acquired Total Checkouts Full call number Barcode Date last seen Copy number Price effective from Koha item type
    Dewey Decimal Classification     Historic collection Historic collection Historic collection 27/02/2013   FOLIO 1894 STANFORD 30077077 06/08/2019 1 06/08/2019 Book